| 000 | 00593nam a2200205Ia 4500 | ||
|---|---|---|---|
| 003 | OSt | ||
| 005 | 20230511153538.0 | ||
| 008 | 210423s2010 xx 000 0 und d | ||
| 020 | _a9788184870282 | ||
| 040 | _cAL | ||
| 041 | _aeng | ||
| 082 |
_a574.192 _223 _bDUAS |
||
| 100 |
_aDUA (Saroj);GARG (Neera). _964077 |
||
| 245 | _aBiochemical methods of analysis: theory and applications. | ||
| 260 |
_aNew Delhi _bNarosa Publishing House _c2010 |
||
| 300 |
_aviii,6.33 _bPB |
||
| 365 |
_b195 _cINR |
||
| 906 | _aanalysis: ; applications. ; Biochemical ; methods ; theory | ||
| 942 |
_2ddc _cBK |
||
| 999 |
_c164309 _d164309 |
||